Fr. Conceicao Rodrigues College of Engineering

Introduction to VLSI circuits and systems (Record no. 34520)

MARC details
000 -LEADER
fixed length control field 00323nam a2200157Ia 4500
082 ## - DEWEY DECIMAL CLASSIFICATION NUMBER
Classification number 621.395
Item number UYE
100 ## - MAIN ENTRY--PERSONAL NAME
Personal name Uyemura/John P
245 ## - TITLE STATEMENT
Title Introduction to VLSI circuits and systems
260 ## - PUBLICATION, DISTRIBUTION, ETC.
Name of publisher, distributor, etc. Wiley
Date of publication, distribution, etc. 2002
366 ## - TRADE AVAILABILITY INFORMATION
Publishers's discount category 27
300 ## - PHYSICAL DESCRIPTION
Extent 642
546 ## - LANGUAGE NOTE
Language note ENGLISH
650 ## - SUBJECT ADDED ENTRY--TOPICAL TERM
Topical term or geographic name entry element VLSI
942 ## - ADDED ENTRY ELEMENTS (KOHA)
Koha item type BOOK
Holdings
Withdrawn status Lost status Damaged status Not for loan Collection Home library Current library Date acquired Source of acquisition Cost, normal purchase price Inventory number Total Checkouts Total Renewals Full call number Barcode Date last seen Date last checked out Cost, replacement price Price effective from Koha item type
        CRC Fr. Agnel's C.Rodrigues College of Engineering Fr. Agnel's C.Rodrigues College of Engineering 17/03/2023 Allied Publishers 466.47 157 dt 04/05/2015 1 1 621.395 UYE 23639 13/08/2024 24/07/2024 639.00   BOOK
        CRC Fr. Agnel's C.Rodrigues College of Engineering Fr. Agnel's C.Rodrigues College of Engineering 17/03/2023 Allied Publishers 466.47 157 dt 04/05/2015     621.395 UYE 23640 17/03/2023   639.00   BOOK
        CRC Fr. Agnel's C.Rodrigues College of Engineering Fr. Agnel's C.Rodrigues College of Engineering 17/03/2023 Allied Publishers 466.47 157 dt 04/05/2015     621.395 UYE 23641 17/03/2023   639.00   BOOK
        CRC Fr. Agnel's C.Rodrigues College of Engineering Fr. Agnel's C.Rodrigues College of Engineering 17/03/2023 Allied Publishers 466.47 157 dt 04/05/2015     621.395 UYE 23642 17/03/2023   639.00   BOOK
        CRC Fr. Agnel's C.Rodrigues College of Engineering Fr. Agnel's C.Rodrigues College of Engineering 17/03/2023 Allied Publishers 466.47 157 dt 04/05/2015     621.395 UYE 23643 17/03/2023   639.00   BOOK